| 000 | 00997nam a22002057a 4500 | ||
|---|---|---|---|
| 999 |
_c59155 _d59155 |
||
| 003 | Ge_BSU | ||
| 005 | 20221201111831.0 | ||
| 008 | 221201s1978ge xxu||||| |||| 00| 0 geo d | ||
| 041 | _ageo | ||
| 080 | _a821.111-31 ს-58 | ||
| 100 |
_aსკოტი, უოლტერ, ავტ. _916270 |
||
| 245 |
_aრობ როი : _b[რომანი] / _cუოლტერ სკოტი ; ინგლ. თარგმნა ა. ჭეიშვილმა ; შესავ. წერილის ავტ.: ნ. ყიასაშვილი]. |
||
| 264 |
_aთბილისი : _bნაკადული, _c1978. |
||
| 300 |
_a478 გვ. ; _b 21 სმ. |
||
| 501 | _aშენიშვნები: გვ. 467-478. | ||
| 653 | _aრომანი | ||
| 700 |
_aჭეიშვილი, ა _eმთარგმნელი _916271 |
||
| 700 |
_aყიასაშვილი, ნ _eშესავალი წერილის ავტორი _95544 |
||
| 942 |
_2udc _cBK |
||